00522nam a2200157Ia 4500999001700000020001500017082001800032100001500050245004100065260003900106300001300145650001700158650002300175942001200198952015400210 c10030d10030 a8170622727 a330.625 LEL-; aLele, Ajey 0aBio-weapons: the Genie in the bottle aNew DelhibLancer Publishersc2004 axi, 190p aBIOTERRORISM aBIOLOGICAL WEAPONS cBK2ddc 001040708DaNASSDOCbNASSDOCd2016-09-20eGifted by : DOCAS Collectioni2005-02-11l0o330.625 LEL-;pD002329r2019-04-18 00:00:00w2019-04-18yBK